000 00658nam a2200229Ia 4500
003 OSt
005 20220923223519.0
006 a|||||r|||| 00| 0
007 ta
008 220922b |||||||| |||| 00| 0 pan d
024 _a218,422
037 _cTextual
040 _aARTS
_cARTS
_bpan
041 _2pan
_apan
082 _aO153,2NSW1,8, N9
100 _aਸਵਰਾਜਬੀਰ
_9156277
245 0 _aਪਰਮ ਗੁਰੂ
260 _aਲੁਧਿਆਨਾ
_b ਚੇਤਨਾ ਪ੍ਰਕਾFਨ
_c1999
300 _a98ਪੰ
_ccm.
942 _hO153,2NSW1,8, N9
_cTEXL
_2CC
999 _c365864
_d365864